Honduras: armamentismo

Αποθηκεύτηκε σε:
Λεπτομέρειες βιβλιογραφικής εγγραφής
Μορφή: Κείμενο
Θέματα:
Ετικέτες: Προσθήκη ετικέτας
Δεν υπάρχουν, Καταχωρήστε ετικέτα πρώτοι!

MARC

LEADER 00000 a a2200000 04500
001 44459
003
040
245 |a Honduras:   |b armamentismo  
650 |a ARMAS  
650 |a CRISIS  
650 |a HONDURAS  
773 |g volumen7, número40 (1983), Página. 633  
999 |c 28224  |d 28224 
773 0 |0 42391  |9 4183  |a Agencia Latinoamericana de Información, ALAI  |d Quito, Ecuador: ALAI  |o 03901  |t ALAI:  |x 08275564 (Servicio mensual de información y documentación)